Statistics / (Record no. 8502)
[ view plain ]
| 000 -LEADER | |
|---|---|
| fixed length control field | 00867nam a2200325 a 4500 |
| 001 - CONTROL NUMBER | |
| JCCL Control Number | 8502 |
| 003 - CONTROL NUMBER IDENTIFIER | |
| JCCL marc code | BD - JhCC |
| 005 - DATE AND TIME OF LATEST TRANSACTION | |
| control field | 20180226111517.0 |
| 008 - FIXED-LENGTH DATA ELEMENTS--GENERAL INFORMATION | |
| fixed length control field | 871126s1988 enkab 000 0 eng d |
| 020 ## - INTERNATIONAL STANDARD BOOK NUMBER | |
| International Standard Book Number | 0712119957 |
| 035 ## - SYSTEM CONTROL NUMBER | |
| system control number | (BD-JhCC)8502 |
| 040 ## - CATALOGING SOURCE | |
| Original cataloging agency | BD-JhCC |
| Modifying agency | BD-JhCC |
| 041 ## - LANGUAGE CODE | |
| Language code of Book | eng |
| 050 #0 - LIBRARY OF CONGRESS CALL NUMBER | |
| Classification number | QA276 |
| 080 ## - UNIVERSAL DECIMAL CLASSIFICATION NUMBER | |
| Universal Decimal Classification number | 519.2 |
| 082 ## - DEWEY DECIMAL CLASSIFICATION NUMBER | |
| Classification number | 519.5 |
| DDC Edition number | 19 |
| 082 ## - DEWEY DECIMAL CLASSIFICATION NUMBER | |
| Classification number | 519.5 |
| DDC Edition number | 18 |
| Author mark and Year | HAR 1988 |
| 100 1# - MAIN ENTRY--PERSONAL NAME | |
| Personal name | Harper, William Massie. |
| 245 10 - TITLE STATEMENT | |
| Title | Statistics / |
| Statement of responsibility, etc | W.M. Harper |
| 250 ## - EDITION STATEMENT | |
| Edition statement | 5th ed. |
| 260 ## - PUBLICATION, DISTRIBUTION, ETC. (IMPRINT) | |
| Place of publication, distribution, etc | London : |
| Name of publisher, distributor, etc | Pitman, |
| Date of publication, distribution, etc | 1988 |
| 300 ## - PHYSICAL DESCRIPTION | |
| Pagination | xii, 464 p. : |
| Other physical details | ill., 2 maps ; |
| Dimensions | 18 cm. |
| 490 1# - SERIES STATEMENT | |
| Series statement | M. & E. handbook series, |
| International Standard Serial Number | 0265-8828 |
| 500 ## - GENERAL NOTE | |
| General note | Previous ed.: Plymouth : Macdonald and Evans, 1982 |
| 504 ## - BIBLIOGRAPHY, ETC. NOTE | |
| Bibliography, etc | Includes index |
| 650 #0 - SUBJECT ADDED ENTRY--TOPICAL TERM | |
| Topical term or geographic name as entry element | Mathematical statistics |
| 830 #0 - SERIES ADDED ENTRY--UNIFORM TITLE | |
| Uniform title | M. & E. handbook series, |
| 942 ## - ADDED ENTRY ELEMENTS (KOHA) | |
| Source of classification or shelving scheme | Dewey Decimal Classification |
| Koha item type | Books |
| Source of classification or shelving scheme | Damaged status | Not for loan | Home library | Current library | Shelving location | Total Checkouts | Full call number | Barcode | Date last seen | Copy number | Koha item type |
|---|---|---|---|---|---|---|---|---|---|---|---|
| Dewey Decimal Classification | JCC Rouf Library | JCC Rouf Library | General Stacks | 519.5 | 11230 | 02/26/2018 | C - 1 | Books |